<?xml version="1.0" encoding="UTF-8"?>
<record
    xmlns:xsi="http://www.w3.org/2001/XMLSchema-instance"
    xsi:schemaLocation="http://www.loc.gov/MARC21/slim http://www.loc.gov/standards/marcxml/schema/MARC21slim.xsd"
    xmlns="http://www.loc.gov/MARC21/slim">

  <leader>01279nam a2200217 a 4500</leader>
  <controlfield tag="001">000036090</controlfield>
  <controlfield tag="005">20200930074851.0</controlfield>
  <controlfield tag="008">111207s2002    sp            000 0 spa d</controlfield>
  <datafield tag="020" ind1=" " ind2=" ">
    <subfield code="a">8478842926</subfield>
  </datafield>
  <datafield tag="040" ind1=" " ind2=" ">
    <subfield code="a">DO-SdBNP</subfield>
    <subfield code="b">spa</subfield>
    <subfield code="c">BNPHU</subfield>
  </datafield>
  <datafield tag="082" ind1=" " ind2=" ">
    <subfield code="a">863.08</subfield>
  </datafield>
  <datafield tag="245" ind1="0" ind2="0">
    <subfield code="a">Con otra mirada :</subfield>
    <subfield code="b">cuentos hispanos de los Estados Unidos /</subfield>
    <subfield code="c">Julio G. Arce (Jorge Ulica)...[et.al].</subfield>
  </datafield>
  <datafield tag="246" ind1="1" ind2="3">
    <subfield code="a">Cuentos hispanos de los Estados Unidos</subfield>
  </datafield>
  <datafield tag="260" ind1=" " ind2=" ">
    <subfield code="a">Madrid :</subfield>
    <subfield code="b">Editorial Popular,</subfield>
    <subfield code="c">2002.</subfield>
  </datafield>
  <datafield tag="300" ind1=" " ind2=" ">
    <subfield code="a">186 p. ;</subfield>
    <subfield code="c">22 cm.</subfield>
  </datafield>
  <datafield tag="490" ind1="1" ind2=" ">
    <subfield code="a">Letra grande</subfield>
    <subfield code="a">Maior</subfield>
  </datafield>
  <datafield tag="500" ind1=" " ind2=" ">
    <subfield code="a">Incluye notas al pie de las p&#xE1;ginas</subfield>
  </datafield>
  <datafield tag="505" ind1="0" ind2=" ">
    <subfield code="a">La esten&#xF3;grafa /</subfield>
    <subfield code="r">Julio G. Arce --</subfield>
    <subfield code="t">L&#xE1;zaro volando /</subfield>
    <subfield code="r">Luis F. Gonz&#xE1;lez-Cruz --</subfield>
    <subfield code="t">La comuni&#xF3;n /</subfield>
    <subfield code="r">Tom&#xE1;s Rivera --</subfield>
    <subfield code="t">Tres generaciones /</subfield>
    <subfield code="r">Rosaura S&#xE1;nchez --</subfield>
    <subfield code="t">Dioses, animalitos y maestros /</subfield>
    <subfield code="r">Lydia V&#xE9;lez-Rom&#xE1;n --</subfield>
    <subfield code="t">Encrujiada /</subfield>
    <subfield code="r">Roberto G. Fern&#xE1;ndez --</subfield>
    <subfield code="t">Garage sale /</subfield>
    <subfield code="r">Juan Armando Epple --</subfield>
    <subfield code="t">Garabatos /</subfield>
    <subfield code="r">Pedro Juan Soto --</subfield>
    <subfield code="t">La vaca en la azotea /</subfield>
    <subfield code="r">Lino Nov&#xE1;s Calvo --</subfield>
    <subfield code="t">Amanda /</subfield>
    <subfield code="r">Roberta Fern&#xE1;ndez --</subfield>
    <subfield code="t">De noche soy tu caballo /</subfield>
    <subfield code="r">Luisa Valenzuela --</subfield>
    <subfield code="t">La tejedora de palabras /</subfield>
    <subfield code="r">Rima de Vallbona --</subfield>
    <subfield code="t">La noche que volvimos a ser gente /</subfield>
    <subfield code="r">Jos&#xE9; Luis Gonz&#xE1;le</subfield>
  </datafield>
  <datafield tag="700" ind1="1" ind2="2">
    <subfield code="a">Ulica, Jorge</subfield>
    <subfield code="q">Julio G. Arce (Jorge Ulica)</subfield>
    <subfield code="9">62126</subfield>
  </datafield>
  <datafield tag="830" ind1=" " ind2="0">
    <subfield code="a">Editorial Popular</subfield>
    <subfield code="a">Maior</subfield>
    <subfield code="9">62127</subfield>
  </datafield>
  <datafield tag="952" ind1=" " ind2=" ">
    <subfield code="0">0</subfield>
    <subfield code="1">0</subfield>
    <subfield code="5">0</subfield>
    <subfield code="7">1</subfield>
    <subfield code="8">MO</subfield>
    <subfield code="a">GR</subfield>
    <subfield code="b">GR</subfield>
    <subfield code="c">CT</subfield>
    <subfield code="d">2011-12-07</subfield>
    <subfield code="i">LF1</subfield>
    <subfield code="l">0</subfield>
    <subfield code="o">863.08 </subfield>
    <subfield code="p">36090-10</subfield>
    <subfield code="r">2020-06-25</subfield>
    <subfield code="w">2020-06-25</subfield>
    <subfield code="y">1</subfield>
    <subfield code="Z">No se presta</subfield>
  </datafield>
  <datafield tag="999" ind1=" " ind2=" ">
    <subfield code="c">35581</subfield>
    <subfield code="d">35581</subfield>
  </datafield>
</record>
